header

Analytical psychology (Record no. 129221)

MARC details
000 -LEADER
fixed length control field 01339nam a2200325Ia 4500
245 00 - TITLE STATEMENT
Title Analytical psychology
260 ## - PUBLICATION, DISTRIBUTION, ETC. (IMPRINT)
Place of publication London :
Name of publisher Karnac,
Year of publication 1994.
300 ## - PHYSICAL DESCRIPTION
Number of Pages x, 209 p., [2] p. :
Other physical details ill.
490 1# - SERIES STATEMENT
Series statement The Library of analytical psychology ;
500 ## - GENERAL NOTE
General note "Published for The Society of Analytical Psychology, London".
650 #0 - SUBJECT ADDED ENTRY--TOPICAL TERM
Topical Term Psychoanalysis.
Topical Term Psychology.
700 1# - ADDED ENTRY--PERSONAL NAME
Personal name Fordham, Michael,
856 40 - ELECTRONIC LOCATION AND ACCESS
Uniform Resource Identifier http://site.ebrary.com/lib/rucke/Doc?id=10463890

No items available.

© 2026 Rongo University
Contact us: librarian | system librarian | Rongo university